Welcome to the Holygrace Academy Library

Please use search bar below to get started

SERIOUSLY SILLY JOKS (Record no. 5871)

MARC details
000 -LEADER
fixed length control field 00287nam a22001337a 4500
020 ## - INTERNATIONAL STANDARD BOOK NUMBER
ISBN 978-1-84205-674-5
082 ## - DEWEY DECIMAL CLASSIFICATION NUMBER
Classification number 827
Item number GRO/S
100 ## - MAIN ENTRY--AUTHOR NAME
Personal name GROSSET
245 ## - TITLE STATEMENT
Title SERIOUSLY SILLY JOKS
260 ## - PUBLICATION, DISTRIBUTION, ETC. (IMPRINT)
Place of publication SCOTLAND
Name of publisher GEDDES & GROSSET
Year of publication 2011
520 ## - SUMMARY, ETC.
Summary, etc JOKES
650 ## - SUBJECT ADDED ENTRY--TOPICAL TERM
Topical Term JOKES
942 ## - ADDED ENTRY ELEMENTS (KOHA)
Koha item type Books
Holdings
Withdrawn status Lost status Collection code Home library Current library Shelving location Date acquired Source of acquisition Full call number Accession Number Koha item type
    Fiction Main Library Main Library SHELF 15E--PSYCHOLOGY,JOKES 26/03/2014 Purchase 827 GRO/S 08223 Books